00950cam a22002651 4500001001300000003000400013005001700017008004100034010001700075035001900092040004900111042001200160050002000172100004500192245009800237250001300335260005000348300003300398490008700431500004100518500006700559650001500626700002600641999001700667e 13000031 DLC20260227111158.0830310m18941906gw 000 0 ger c ae 13000031  a(OCoLC)9300603 aLibrary, U.S. Bur. of EducationcOUdPPdDLC apremarc00aLB621b.A2 19261 aPestalozzi, Johann Heinrich,d1746-1827.10aJ. H. Pestalozzis ausgewählte werke.bMit Pestalozzis biographiechrsg. von Friedrich Mann. a5. aufl. aLangensalza,bH. Beyer & söhne,c1894-1906. a4 v.b3 fold. diagr.c21 cm.1 aAdded t.-p.: Bibliothek pädagogischer klassiker ... hrsg. von F. Mann. [bd. 1-4] a1 bd., 1897; 4. bd., 4. aufl., 1894. aTitle of 1. bd.: J. H. Pestalozzis ausgewählte schriften ... 0aEducation.1 aMann, Friedrich,eed. c19432d19432